Rawvision/ (Record no. 4028)

MARC details
000 -LEADER
campo de control de longitud fija 00863nam a22003017a 4500
003 - IDENTIFICADOR DE NÚMERO DE CONTROL
campo de control OSt
005 - FECHA Y HORA DE LA ÚLTIMA TRANSACCIÓN
campo de control 20230712104429.0
008 - DATOS DE LONGITUD FIJA--INFORMACIÓN GENERAL
campo de control de longitud fija 221006b |||||||| |||| 00| 0 eng d
040 ## - FUENTE DE CATALOGACIÓN
Centro/agencia transcriptor Biblioteca Lado V
082 ## - NÚMERO DE LA CLASIFICACIÓN DECIMAL DEWEY
Número de clasificación 700
Número de ítem M232r
100 ## - ENTRADA PRINCIPAL--NOMBRE DE PERSONA
9 (RLIN) 887
Nombre de persona Maizels, John
Término indicativo de función/relación editor
245 ## - MENCIÓN DEL TÍTULO
Título Rawvision/
260 ## - PUBLICACIÓN, DISTRIBUCIÓN, ETC.
Fecha de publicación, distribución, etc. 2004
Nombre del editor, distribuidor, etc. Raw Vision Ltd.
Lugar de publicación, distribución, etc. Reino Unido
300 ## - DESCRIPCIÓN FÍSICA
Dimensiones 21x30cm
Extensión 76p.
490 ## - MENCIÓN DE SERIE
Designación de volumen o secuencia 2004
Mención de serie 47
Número Internacional Normalizado para Publicaciones Seriadas 0955-1182
505 ## - NOTA DE CONTENIDO CON FORMATO
Nota de contenido con formato Raw News
505 ## - NOTA DE CONTENIDO CON FORMATO
Nota de contenido con formato Scottie Wilson
505 ## - NOTA DE CONTENIDO CON FORMATO
Nota de contenido con formato Gavin Bennet
505 ## - NOTA DE CONTENIDO CON FORMATO
Nota de contenido con formato Arthur Bispo do Rosario
505 ## - NOTA DE CONTENIDO CON FORMATO
Nota de contenido con formato Art Behind Bars
505 ## - NOTA DE CONTENIDO CON FORMATO
Nota de contenido con formato Elizabeth Layton
505 ## - NOTA DE CONTENIDO CON FORMATO
Nota de contenido con formato Raw Classics
505 ## - NOTA DE CONTENIDO CON FORMATO
Nota de contenido con formato Reviews
650 ## - PUNTO DE ACCESO ADICIONAL DE MATERIA--TÉRMINO DE MATERIA
Fuente del encabezamiento o término Tesauro de Arte & Arquitectura
Término de materia o nombre geográfico como elemento de entrada OUTSIDER ART
650 ## - PUNTO DE ACCESO ADICIONAL DE MATERIA--TÉRMINO DE MATERIA
Fuente del encabezamiento o término Tesauro de Arte & Arquitectura
Término de materia o nombre geográfico como elemento de entrada ART BRUT
651 ## - PUNTO DE ACCESO ADICIONAL DE MATERIA--NOMBRE GEOGRÁFICO
Fuente del encabezamiento o término CONTEMPORARY FOLK ART
942 ## - ELEMENTOS DE ENTRADA SECUNDARIOS (KOHA)
Fuente del sistema de clasificación o colocación Clasificación Decimal Dewey
Tipo de ítem Koha Libros
Parte de la signatura que corresponde a la clasificación (Parte de la clasificación) 700
Parte de la signatura que identifica el ejemplar (Parte del ítem) M232r
Suprimir en OPAC No
Holdings
Estatus retirado Estado de pérdida Fuente del sistema de clasificación o colocación Especificación de materiales (volumen encuadernado u otra parte) Estado de daño No para préstamo Colección Biblioteca de origen Biblioteca actual Fecha de adquisición Enumeración/cronología de publicación seriada Número de inventario Total de préstamos Signatura topográfica completa Código de barras Visto por última vez Precio de reemplazo Tipo de ítem Koha
    Clasificación Decimal Dewey 2004     Revistas Biblioteca LadoV Biblioteca LadoV 12/07/2023 47 003504   700 M232r 003504 12/07/2023 12/07/2023 Libros